000 00366 a2200169 4500
001 12458
020 _a9788508126897
040 _cAnchieta - Aquarius
100 _aFrank, Paul
240 1 0 _a*Sonhos incríveis
_lpor
245 1 0 _a*Sonhos incríveis
300 _a
362 0 _a2009
440 1 _aÁtica
650 4 _aLiteratura infanto-juvenil
942 _cBK
999 _c12458
_d12458